Statistics for Hack the Quiz #11

Click here to take the quiz!

General Stats

  • This quiz has been taken 129 times
  • The average score is 26 of 32

Answer Stats

CipherWord% Correct
32and
95%
43and
93%
12industry
91%
17what
90%
42range
90%
56Nollywood?
89%
64Roswell
89%
39the
88%
62What
88%
21is
87%
95called
87%
10What
86%
27capital
86%
84film
86%
98houses
86%
76In
85%
79is
84%
03the
83%
31country's
83%
49Zealand
83%
55of
83%
04state
82%
97Matterhorn
82%
60New
79%
93are
79%
70What
78%
80Albuquerque?
76%
77Mont Blanc?
69%
Wellington
69%
New Mexico
63%
Nigeria
59%
Alps
54%

Score Distribution

Percentile by Number Answered

Percent of People with Each Score

Your Score History

You have not taken this quiz